000 00394cam a2200157ua 4500
041 _aeng
_h
082 _a808.5
_bPRA/AN
100 _aPrabhu, R K .
245 _aAnthology of modern Indian eloquence /
_cR K Prabhu.
_hTextual Documents
250 _a1 /
_b.
260 _aMumbai :
_bBharatiya Vidya Bhavan ,
_c1960.
300 _a258 ; .
504 _a
942 _cBK
999 _c4024
_d4024